000 01789nam a2200517 i 4500
001 3355
003 KOSZ 005
005 20200430141553.0
008 981103s1986 pl a f |001 0 pol
015 _aUWD 1986/9082
020 _a8321603459
035 _a991007860149705066
035 _a(PL-WaBN)b12030272-48omnis_nlop
035 _ab12030272
035 _a(OCoLC)749372961
035 _a(PL)b0000001203027
035 _a(EXLNZ-48OMNIS_NETWORK)9910332636705606
040 _aWA N
_cWA N
_dKOSZ 005/HR
041 0 _apol
080 _a621.77
080 _a621.9
080 _a539.3/.6
100 1 _aMorawiecki, Marian
_d(1916-2002)
_eAutor
245 1 0 _aPrzeróbka plastyczna :
_bpodstawy teoretyczne /
_cMarian Morawiecki, Lucjan Sadok, Eugeniusz Wosiek.
250 _aWyd. 2 popr. i rozsz.
260 _aKatowice :
_b"Śląsk",
_c1986.
300 _a441, [3] s., [1] k. tabl. :
_bfot., rys., wykr., err. ;
_c25 cm.
336 _aTekst
_btxt
_2rdacontent
337 _aBez urządzenia pośredniczącego
_bn
_2rdamedia
338 _aWolumin
_bnc
_2rdacarrier
380 _aKsiążki
380 _aPublikacje naukowe
388 _a1901-2000
388 _a1945-1989
500 _aWyd. 1 pt. : Teoretyczne podstawy technologicznych procesów przeróbki plastycznej.
504 _aBibliogr. przy rozdz. - Indeksy.
650 7 _aMetale
_2DBN
650 7 _aObróbka plastyczna
658 _aInżynieria i technika
700 1 _aSadok, Lucjan
_d(1941-1995)
_eAutor
700 1 _aWosiek, Eugeniusz
_d(1918-1993)
_eAutor
710 2 _aWydawnictwo "Śląsk"
_4pbl
856 _uhttp://koha.tu.koszalin.pl/cgi-bin/koha/opac-detail.pl?biblionumber=3355
_zKatalog online BPK
942 _2UKD
_cKS
999 _c3355
_d3355